Страны, производящие больше всего апельсинов - Statistics

General Stats
  • This quiz has been taken 513 times
  • The average score is 12 of 20
Answer Stats
Тонн Страна % Correct
8.564.425 Китай
85%
17.459.908 Бразилия
84%
7.647.000 Индия
81%
4.615.760 Соединённые Штаты Америки
78%
4.629.758 Мексика
73%
3.357.163 Испания
73%
1.025.000 Аргентина
73%
3.013.758 Египет
71%
1.950.000 Турция
70%
1.500.579 Италия
65%
1.013.951 Алжир
63%
1.037.218 Марокко
62%
2.295.325 Индонезия
57%
1.561.134 Иран
57%
961.000 Греция
57%
1.453.251 Южно-Африканская Республика
53%
1.585.050 Пакистан
52%
768.319 Вьетнам
45%
795.455 Сирия
31%
702.861 Гана
9%
No matching quizzes found
Score Distribution
Percent of People with Each Score
Percentile by Number Answered
Your Score History
You have not taken this quiz